[Event "European Team-ch 2007 Femenino"]
[Site "Creta GRE"]
[Date "2007.11.01"]
[Round "5.9"]
[White "Lauterbach, Ingrid"]
[Black "Motoc, Alina"]
[Result "0-1"]
[WhiteElo "2124"]
[BlackElo "2300"]
[PlyCount "104"]
[EventDate "2007.10.28"]
[EventType "team"]
[EventRounds "9"]
[EventCountry "GRE"]
[Source "lmi"]
[SourceDate "2007.10.28"]
[WhiteTeam "England"]
[BlackTeam "Romania"]
[WhiteTeamCountry "ENG"]
[BlackTeamCountry "ROM"]

1. e4 c5 2. Nf3 d6 3. c3 Nf6 4. Be2 Nbd7 5. d3 g6 6. O-O Bg7 7. Re1 b6 8. Bf1
Bb7 9. Nbd2 O-O 10. d4 e5 11. dxe5 dxe5 12. g3 Qc7 13. Nh4 Rfd8 14. Qc2 Nf8 15.
a4 a6 16. f3 Bh6 17. Nc4 Bxc1 18. Rexc1 b5 19. axb5 axb5 20. Rxa8 Rxa8 21. Na3
c4 22. Qf2 Qc6 23. Rd1 Ne6 24. Nc2 Qc5 25. Nb4 Qxf2+ 26. Kxf2 Nc5 27. Ng2 Na4
28. Rb1 Rd8 29. Ke3 Kf8 30. Ne1 Ke7 31. Nec2 Ra8 32. Kd2 Nc5 33. Na3 Ra5 34.
Ke3 Nfd7 35. Bh3 Nb6 36. Nbc2 Nba4 37. Nb4 Nxb2 38. Nxb5 Nca4 39. Nc7 Nxc3 40.
Rc1 Ra4 41. Rxc3 Rxb4 42. Kd2 Na4 43. Rc2 Kd8 44. Nd5 Bxd5 45. exd5 Kc7 46. f4
exf4 47. gxf4 c3+ 48. Ke3 Kd6 49. Bg2 Rb2 50. Kd3 f5 51. Bf3 Nc5+ 52. Kxc3 Rb3+
0-1

[Event "European Team-ch 2007 Femenino"]
[Site "Creta GRE"]
[Date "2007.11.01"]
[Round "5.9"]
[White "Paulet, Iozefina"]
[Black "Grigoryan-Lyell, Meri"]
[Result "1-0"]
[WhiteElo "2276"]
[BlackElo "2040"]
[PlyCount "135"]
[EventDate "2007.10.28"]
[EventType "team"]
[EventRounds "9"]
[EventCountry "GRE"]
[Source "lmi"]
[SourceDate "2007.10.28"]
[WhiteTeam "Romania"]
[BlackTeam "England"]
[WhiteTeamCountry "ROM"]
[BlackTeamCountry "ENG"]

1. e4 e5 2. Nf3 Nc6 3. Bb5 f5 4. Nc3 fxe4 5. Nxe4 Nf6 6. Nxf6+ Qxf6 7. O-O Bc5
8. Bxc6 dxc6 9. Qe1 O-O 10. Qxe5 Qxe5 11. Nxe5 Re8 12. Nc4 Bf5 13. Ne3 Bxe3 14.
dxe3 Bxc2 15. f3 c5 16. e4 Bd3 17. Rd1 c4 18. Bf4 Re7 19. h4 b5 20. a3 h6 21.
h5 a5 22. Kf2 Ra6 23. Be3 Re5 24. g4 c5 25. Bd2 Ree6 26. Rg1 b4 27. g5 c3 28.
bxc3 b3 29. gxh6 Rxh6 30. Bxh6 Rxh6 31. Ke3 Bc2 32. Rac1 Rxh5 33. Rg2 b2 34.
Rgxc2 bxc1=Q+ 35. Rxc1 Rh2 36. Kd3 Rf2 37. Kc4 Rxf3 38. Kxc5 Kf7 39. Kb5 g5 40.
a4 g4 41. c4 Ke7 42. Kxa5 Kd6 43. Kb4 Re3 44. Rd1+ Kc6 45. Rh1 Rxe4 46. Rh6+
Kc7 47. Rg6 Re1 48. Rxg4 Rb1+ 49. Kc5 Ra1 50. Rg7+ Kb8 51. a5 Rh1 52. Kb5 Rb1+
53. Kc6 Rh1 54. c5 Rh6+ 55. Kb5 Rh1 56. a6 Rb1+ 57. Kc6 Ra1 58. Rg8+ Ka7 59.
Kc7 Rh1 60. Rd8 Kxa6 61. Rd7 Rc1 62. c6 Kb5 63. Rd5+ Ka6 64. Rd2 Rc3 65. Ra2+
Kb5 66. Kb7 Rh3 67. c7 Rh7 68. Kb8 1-0

[Event "European Team-ch 2007 Femenino"]
[Site "Creta GRE"]
[Date "2007.11.01"]
[Round "5.10"]
[White "Nemcova, Katerina"]
[Black "Voiska, Margarita"]
[Result "1/2-1/2"]
[WhiteElo "2255"]
[BlackElo "2294"]
[PlyCount "81"]
[EventDate "2007.10.28"]
[EventType "team"]
[EventRounds "9"]
[EventCountry "GRE"]
[Source "lmi"]
[SourceDate "2007.10.28"]
[WhiteTeam "Czech Republic"]
[BlackTeam "Bulgaria"]
[WhiteTeamCountry "CZE"]
[BlackTeamCountry "BUL"]

1. e4 c5 2. Nf3 Nc6 3. d4 cxd4 4. Nxd4 e5 5. Nb5 d6 6. N1c3 a6 7. Na3 b5 8. Nd5
Rb8 9. c4 b4 10. Nc2 a5 11. Bd3 Be7 12. O-O Nf6 13. Nce3 O-O 14. b3 Be6 15. Bb2
Nd7 16. a3 bxa3 17. Rxa3 Nc5 18. Bc3 Bg5 19. Bc2 Nb4 20. Bxb4 axb4 21. Ra7 Bxe3
22. Nxe3 Qb6 23. Qa1 g6 24. Rd1 Qc6 25. Qa5 Rfe8 26. f3 Qb6 27. Qxb6 Rxb6 28.
Rda1 Reb8 29. Kf2 Kg7 30. g3 R6b7 31. f4 f6 32. Ke2 Rxa7 33. Rxa7+ Rb7 34. Ra8
Bd7 35. fxe5 fxe5 36. Nf1 Bc6 37. Nd2 Rb6 38. Ra7+ Rb7 39. Ra8 Rb6 40. Ra7+ Rb7
41. Ra8 1/2-1/2

[Event "European Team-ch 2007 Femenino"]
[Site "Creta GRE"]
[Date "2007.11.01"]
[Round "5.10"]
[White "Chilingirova, Pavlina"]
[Black "Blazkova, Petra"]
[Result "0-1"]
[WhiteElo "2231"]
[BlackElo "2239"]
[PlyCount "80"]
[EventDate "2007.10.28"]
[EventType "team"]
[EventRounds "9"]
[EventCountry "GRE"]
[Source "lmi"]
[SourceDate "2007.10.28"]
[WhiteTeam "Bulgaria"]
[BlackTeam "Czech Republic"]
[WhiteTeamCountry "BUL"]
[BlackTeamCountry "CZE"]

1. c4 e5 2. Nc3 Nc6 3. g3 g6 4. Bg2 Bg7 5. e3 d6 6. Nge2 h5 7. h3 f5 8. h4 Nf6
9. d4 O-O 10. O-O Ng4 11. dxe5 dxe5 12. Qxd8 Nxd8 13. b3 c6 14. Ba3 Re8 15.
Rad1 Be6 16. Na4 Rc8 17. Bb2 Bf8 18. Rc1 Nf7 19. c5 Rcd8 20. Rcd1 Bh6 21. Bc3
g5 22. hxg5 Bxg5 23. Ba5 Rxd1 24. Rxd1 h4 25. Be1 Kg7 26. gxh4 Bxh4 27. Nac3
Rg8 28. Bf3 Nfh6 29. Rd6 Kf7 30. Ng3 f4 31. exf4 exf4 32. Nge4 Ne5+ 33. Bg2 f3
34. Ng3 fxg2 35. Kxg2 Nf5 36. Nce4 Nxd6 37. Nxd6+ Ke7 38. Bc3 Bd5+ 39. Kf1 Bxg3
40. fxg3 Ke6 0-1

[Event "European Team-ch 2007 Femenino"]
[Site "Creta GRE"]
[Date "2007.11.01"]
[Round "5.10"]
[White "Cedikova, Katerina"]
[Black "Raeva, Elitsa"]
[Result "0-1"]
[WhiteElo "2171"]
[BlackElo "2242"]
[PlyCount "95"]
[EventDate "2007.10.28"]
[EventType "team"]
[EventRounds "9"]
[EventCountry "GRE"]
[Source "lmi"]
[SourceDate "2007.10.28"]
[WhiteTeam "Czech Republic"]
[BlackTeam "Bulgaria"]
[WhiteTeamCountry "CZE"]
[BlackTeamCountry "BUL"]

1. d4 Nf6 2. Nf3 e6 3. g3 b6 4. Bg2 Bb7 5. O-O Be7 6. c4 O-O 7. d5 exd5 8. Nh4
c6 9. cxd5 Nxd5 10. Nf5 Nc7 11. e4 d5 12. Nc3 Bf6 13. exd5 cxd5 14. Bf4 Nba6
15. Rc1 Qd7 16. Nd6 Bc6 17. g4 Ne6 18. Bg3 Bg5 19. Nxd5 Bxc1 20. Qxc1 Bxd5 21.
Bxd5 Rad8 22. Bg2 Nac5 23. h3 Nd3 24. Qc2 Ndf4 25. Nf5 Nxg2 26. Kxg2 Nd4 27.
Nxd4 Qxd4 28. Kh2 Rfe8 29. b3 h6 30. Qf5 Qd3 31. Qxd3 Rxd3 32. Rb1 Re2 33. a4
Red2 34. Rc1 Kh7 35. b4 Rd4 36. Rc7 Rd7 37. Rc3 Ra2 38. b5 Rxa4 39. Rb3 Rd5 40.
Bb8 Ra5 41. Rc3 Rd8 42. Bg3 Rxb5 43. Rc7 a5 44. Rxf7 a4 45. Ra7 Ra5 46. Re7 a3
47. Be5 Rxe5 48. Rxe5 0-1

[Event "European Team-ch 2007 Femenino"]
[Site "Creta GRE"]
[Date "2007.11.01"]
[Round "5.11"]
[White "Golubenko, Valentina"]
[Black "Rantanen, Tanja"]
[Result "1-0"]
[WhiteElo "2264"]
[BlackElo "2089"]
[PlyCount "99"]
[EventDate "2007.10.28"]
[EventType "team"]
[EventRounds "9"]
[EventCountry "GRE"]
[Source "lmi"]
[SourceDate "2007.10.28"]
[WhiteTeam "Croatia"]
[BlackTeam "Finland"]
[WhiteTeamCountry "CRO"]
[BlackTeamCountry "FIN"]

1. d4 d5 2. c4 c6 3. Nf3 Nf6 4. g3 e6 5. Bg2 Be7 6. O-O O-O 7. Nc3 Nbd7 8. b3
b6 9. Qc2 Bb7 10. e4 dxe4 11. Nxe4 c5 12. Nxf6+ Bxf6 13. Ng5 Bxg5 14. Bxb7 Rb8
15. Bxg5 Qxg5 16. Bc6 Rfd8 17. Bxd7 Rxd7 18. dxc5 Qxc5 19. Rad1 Rbd8 20. Rxd7
Rxd7 21. Rd1 Rd4 22. Rxd4 Qxd4 23. b4 Kf8 24. c5 bxc5 25. bxc5 Ke7 26. c6 Kd8
27. Qb3 Qd6 28. Qa4 Kc7 29. Qxa7+ Kxc6 30. Qxf7 Qe5 31. Qf3+ Kb5 32. Qd3+ Kc6
33. Qc2+ Kb5 34. Qd3+ Kc6 35. Qa6+ Kc7 36. Qa7+ Kc6 37. Qa8+ Kb5 38. Qb7+ Kc5
39. Kg2 Qa1 40. Qc7+ Kd5 41. Qd7+ Kc5 42. Qxe6 h6 43. Qe3+ Kd5 44. Qb3+ Ke4 45.
a4 g5 46. Qb4+ Kf5 47. a5 Qd1 48. Qb5+ Ke4 49. Qc6+ Kf5 50. Qf3+ 1-0

[Event "European Team-ch 2007 Femenino"]
[Site "Creta GRE"]
[Date "2007.11.01"]
[Round "5.11"]
[White "Puuska, Heini"]
[Black "Medic, Mirjana"]
[Result "1/2-1/2"]
[WhiteElo "2016"]
[BlackElo "2240"]
[PlyCount "51"]
[EventDate "2007.10.28"]
[EventType "team"]
[EventRounds "9"]
[EventCountry "GRE"]
[Source "lmi"]
[SourceDate "2007.10.28"]
[WhiteTeam "Finland"]
[BlackTeam "Croatia"]
[WhiteTeamCountry "FIN"]
[BlackTeamCountry "CRO"]

1. d4 e6 2. Nf3 Nf6 3. Bg5 c5 4. c3 cxd4 5. Nxd4 d5 6. Nd2 e5 7. N4f3 e4 8. Nd4
Nc6 9. N2b3 Be7 10. g3 O-O 11. Bg2 Ne5 12. O-O Nc4 13. Qc1 Ng4 14. Bxe7 Qxe7
15. h3 Nge5 16. Nc2 Be6 17. Ne3 Nb6 18. Nd4 Qd7 19. Kh2 Rad8 20. f4 exf3 21.
exf3 Nec4 22. f4 Nxe3 23. Qxe3 Bf5 24. Nxf5 Qxf5 25. Rfe1 h6 26. Re2 1/2-1/2

[Event "European Team-ch 2007 Femenino"]
[Site "Creta GRE"]
[Date "2007.11.01"]
[Round "5.11"]
[White "Franciskovic, Borka"]
[Black "Savola, Laura"]
[Result "1-0"]
[WhiteElo "2227"]
[BlackElo "2040"]
[PlyCount "71"]
[EventDate "2007.10.28"]
[EventType "team"]
[EventRounds "9"]
[EventCountry "GRE"]
[Source "lmi"]
[SourceDate "2007.10.28"]
[WhiteTeam "Croatia"]
[BlackTeam "Finland"]
[WhiteTeamCountry "CRO"]
[BlackTeamCountry "FIN"]

1. c4 e6 2. Nc3 Nf6 3. e4 d5 4. e5 Nfd7 5. cxd5 exd5 6. d4 Bb4 7. Qg4 O-O 8.
Bh6 g6 9. Bxf8 Nxf8 10. Qd1 c5 11. Nf3 cxd4 12. Nxd4 Qc7 13. Rc1 Qxe5+ 14. Be2
Nc6 15. Nf3 Qg7 16. Qxd5 Be6 17. Qb5 Rb8 18. O-O h6 19. a3 Bd6 20. Rcd1 a6 21.
Qa4 Bc5 22. Ne4 Ba7 23. b4 Nd7 24. Rd2 Nde5 25. Nc5 Bf5 26. Rfd1 Ng4 27. h3
Nxf2 28. Kxf2 b6 29. Qxc6 bxc5 30. Rd8+ Kh7 31. Qxa6 f6 32. Rxb8 cxb4+ 33. Kf1
Bxb8 34. axb4 Qc7 35. Qxf6 Ba7 36. Qd8 1-0

[Event "European Team-ch 2007 Femenino"]
[Site "Creta GRE"]
[Date "2007.11.01"]
[Round "5.11"]
[White "Rautanen, Sari"]
[Black "Solic, Kristina"]
[Result "0-1"]
[WhiteElo "1961"]
[BlackElo "2148"]
[PlyCount "98"]
[EventDate "2007.10.28"]
[EventType "team"]
[EventRounds "9"]
[EventCountry "GRE"]
[Source "lmi"]
[SourceDate "2007.10.28"]
[WhiteTeam "Finland"]
[BlackTeam "Croatia"]
[WhiteTeamCountry "FIN"]
[BlackTeamCountry "CRO"]

1. Nf3 d5 2. d4 c6 3. c4 Nf6 4. Nc3 a6 5. c5 g6 6. Bf4 Bg7 7. h3 Nbd7 8. e3 O-O
9. Bd3 b6 10. b4 bxc5 11. bxc5 Nh5 12. Qd2 Nxf4 13. exf4 Qc7 14. O-O Bh6 15. g3
e5 16. Nxe5 Nxe5 17. dxe5 Qxe5 18. Kg2 Qd4 19. Ne2 Qxc5 20. Rfc1 Qd6 21. Rab1
c5 22. Be4 Be6 23. Rd1 Rad8 24. Bf3 d4 25. Qa5 Bd5 26. Ng1 Bxf3+ 27. Nxf3 Rb8
28. Qa3 Rxb1 29. Rxb1 Rd8 30. Rb7 d3 31. Qb3 Qd5 32. Rb8 Bf8 33. Qxd5 Rxd5 34.
Nd2 Kg7 35. Rb6 c4 36. Rc6 Ba3 37. Nxc4 d2 38. Nxd2 Rxd2 39. Rxa6 Bc5 40. a4
Rxf2+ 41. Kh1 h5 42. h4 Ra2 43. f5 Bd4 44. fxg6 fxg6 45. a5 Be5 46. Ra7+ Kf6
47. a6 Bxg3 48. Ra8 Bxh4 49. a7 Kg5 0-1

[Event "European Team-ch 2007 Femenino"]
[Site "Creta GRE"]
[Date "2007.11.01"]
[Round "5.12"]
[White "Borsuk, Angela"]
[Black "Heinatz, Dr  Gundula"]
[Result "1/2-1/2"]
[WhiteElo "2301"]
[BlackElo "2193"]
[PlyCount "50"]
[EventDate "2007.10.28"]
[EventType "team"]
[EventRounds "9"]
[EventCountry "GRE"]
[Source "lmi"]
[SourceDate "2007.10.28"]
[WhiteTeam "Israel"]
[BlackTeam "Switzerland"]
[WhiteTeamCountry "ISR"]
[BlackTeamCountry "SUI"]

1. d4 d5 2. c4 e5 3. e3 exd4 4. exd4 Nf6 5. Nc3 dxc4 6. Bxc4 Be7 7. Nf3 O-O 8.
Ne5 c6 9. Qb3 Qxd4 10. Bxf7+ Kh8 11. Nf3 Qb6 12. Qxb6 axb6 13. Bb3 Nbd7 14. O-O
Nc5 15. Bc2 b5 16. Re1 Bd6 17. Bg5 Bg4 18. Ne5 Bh5 19. Bf4 b4 20. Ne2 b3 21.
Bb1 Bxe5 22. Bxe5 Rfe8 23. Nf4 Bf7 24. a3 Ncd7 25. Bc3 Rxe1+ 1/2-1/2

[Event "European Team-ch 2007 Femenino"]
[Site "Creta GRE"]
[Date "2007.11.01"]
[Round "5.12"]
[White "Lematschko, Tatjana"]
[Black "Igla, Bella"]
[Result "0-1"]
[WhiteElo "2189"]
[BlackElo "2291"]
[PlyCount "86"]
[EventDate "2007.10.28"]
[EventType "team"]
[EventRounds "9"]
[EventCountry "GRE"]
[Source "lmi"]
[SourceDate "2007.10.28"]
[WhiteTeam "Switzerland"]
[BlackTeam "Israel"]
[WhiteTeamCountry "SUI"]
[BlackTeamCountry "ISR"]

1. d4 Nf6 2. Nf3 g6 3. c4 Bg7 4. g3 O-O 5. Bg2 d5 6. b3 c5 7. e3 Nc6 8. Bb2 Bg4
9. Nbd2 cxd4 10. exd4 Qb6 11. c5 Qa6 12. Bf1 Qa5 13. a3 Ne4 14. b4 Nxb4 15.
axb4 Qxb4 16. Ba3 Qc3 17. Qc1 Nxd2 18. Qxc3 Nxf3+ 19. Ke2 Nxd4+ 20. Kd3 Bf3 21.
Bh3 Be4+ 22. Ke3 Nc2+ 23. Qxc2 Bxc2 24. Ra2 d4+ 25. Kd2 d3 26. Bb2 e5 27. Bg2
Bh6+ 28. Kc3 Rac8 29. Ba3 Rc7 30. Be4 Rd8 31. g4 Bf8 32. Kd2 Bb3 33. Rb2 Bd5
34. Bxd5 Rxd5 35. Rb3 e4 36. Rhb1 Bxc5 37. Bxc5 Rdxc5 38. Rxb7 Rc2+ 39. Ke3
Re2+ 40. Kd4 Rxb7 41. Rxb7 d2 42. Rd7 Kf8 43. g5 a5 0-1

[Event "European Team-ch 2007 Femenino"]
[Site "Creta GRE"]
[Date "2007.11.01"]
[Round "5.13"]
[White "Atalik, Ekaterina"]
[Black "Tsiganova, Monika"]
[Result "1-0"]
[WhiteElo "2404"]
[BlackElo "2216"]
[PlyCount "63"]
[EventDate "2007.10.28"]
[EventType "team"]
[EventRounds "9"]
[EventCountry "GRE"]
[Source "lmi"]
[SourceDate "2007.10.28"]
[WhiteTeam "Turkey"]
[BlackTeam "Estonia"]
[WhiteTeamCountry "TUR"]
[BlackTeamCountry "EST"]

1. d4 Nf6 2. c4 g6 3. Nc3 Bg7 4. e4 d6 5. Nf3 O-O 6. Be2 Nbd7 7. O-O e5 8. Qc2
Re8 9. Be3 exd4 10. Nxd4 Nc5 11. f3 a5 12. Rfd1 c6 13. Nxc6 bxc6 14. Bxc5 dxc5
15. Rxd8 Rxd8 16. Rd1 Nd7 17. f4 Bd4+ 18. Kh1 Nf6 19. h3 Be6 20. g4 Rab8 21. e5
Ne8 22. b3 Nc7 23. Ne4 a4 24. f5 Bd7 25. Qd2 Bxe5 26. Nxc5 axb3 27. axb3 Be8
28. Qxd8 Rxd8 29. Rxd8 Kg7 30. Nd3 Kf6 31. Nxe5 Kxe5 32. c5 1-0

[Event "European Team-ch 2007 Femenino"]
[Site "Creta GRE"]
[Date "2007.11.01"]
[Round "5.13"]
[White "Fomina, Tatyana"]
[Black "Topel, Zehra"]
[Result "1/2-1/2"]
[WhiteElo "2248"]
[BlackElo "2246"]
[PlyCount "128"]
[EventDate "2007.10.28"]
[EventType "team"]
[EventRounds "9"]
[EventCountry "GRE"]
[Source "lmi"]
[SourceDate "2007.10.28"]
[WhiteTeam "Estonia"]
[BlackTeam "Turkey"]
[WhiteTeamCountry "EST"]
[BlackTeamCountry "TUR"]

1. e4 c5 2. Nf3 Nc6 3. Bb5 e6 4. Bxc6 bxc6 5. d3 Qc7 6. O-O Ne7 7. Nc3 Ng6 8.
Be3 Be7 9. Na4 d6 10. e5 dxe5 11. Nxc5 O-O 12. b4 f5 13. Ng5 Bxg5 14. Bxg5 f4
15. h4 Rf5 16. Ne4 c5 17. h5 Nf8 18. bxc5 h6 19. Bh4 f3 20. g4 Rf4 21. Bg3 Qf7
22. Re1 Rxg4 23. Re3 Qxh5 24. c6 Ng6 25. Qxf3 Ba6 26. Rb1 Nh4 27. Qh1 Qf7 28.
Kf1 Nf5 29. Ke2 Nxe3 30. Kxe3 Qc7 31. Nc5 Bc8 32. Qf3 Rg5 33. Qe4 a5 34. Ke2
Rf5 35. d4 Qf7 36. dxe5 Qh5+ 37. Ke1 Qf3 38. Qxf3 Rxf3 39. Kd2 Kf8 40. c7 Rf7
41. Rb8 Rxc7 42. Nxe6+ Ke7 43. Rxa8 Bxe6 44. Rxa5 Bf5 45. c3 Rd7+ 46. Ke3 g6
47. Rc5 Ra7 48. Bf4 h5 49. Kd4 Rxa2 50. Bg5+ Kd7 51. Rd5+ Kc7 52. Bd8+ Kc8 53.
Bh4 Rd2+ 54. Kc5 Rxd5+ 55. Kxd5 Kd7 56. c4 Be6+ 57. Kc5 Kc7 58. f4 Bf7 59. Be1
Be6 60. Ba5+ Kd7 61. Be1 Kc7 62. Bf2 Bf7 63. Kd4 Kc6 64. c5 Be6 1/2-1/2

[Event "European Team-ch 2007 Femenino"]
[Site "Creta GRE"]
[Date "2007.11.01"]
[Round "5.14"]
[White "Kopinits, Anna-Christina"]
[Black "Pavlidou, Ekaterini"]
[Result "1-0"]
[WhiteElo "2178"]
[BlackElo "2003"]
[PlyCount "79"]
[EventDate "2007.10.28"]
[EventType "team"]
[EventRounds "9"]
[EventCountry "GRE"]
[Source "lmi"]
[SourceDate "2007.10.28"]
[WhiteTeam "Austria"]
[BlackTeam "GRE2"]
[WhiteTeamCountry "AUT"]

1. e4 c5 2. Nf3 e6 3. d4 cxd4 4. Nxd4 Nf6 5. Nc3 Nc6 6. Ndb5 d6 7. Bf4 e5 8.
Bg5 a6 9. Na3 b5 10. Nd5 Be7 11. Bxf6 Bxf6 12. c4 b4 13. Nc2 a5 14. g3 O-O 15.
Bg2 g6 16. Nxf6+ Qxf6 17. O-O Bb7 18. Qd2 Kg7 19. b3 h5 20. h4 Qe6 21. Rfd1
Rfd8 22. Qd3 Rac8 23. a3 bxa3 24. Rxa3 Rb8 25. Ne3 Ba8 26. Rb1 Rf8 27. Qd1 Qe7
28. Nd5 Qd8 29. Rba1 Nd4 30. Rxa5 Nxb3 31. Rxa8 Rxa8 32. Rxa8 Qxa8 33. Qxb3
Qa1+ 34. Kh2 Qa7 35. Qe3 Ra8 36. Qf3 Rf8 37. Qf6+ Kg8 38. g4 hxg4 39. h5 Re8
40. h6 1-0

[Event "European Team-ch 2007 Femenino"]
[Site "Creta GRE"]
[Date "2007.11.01"]
[Round "5.14"]
[White "Fragaki, Maria"]
[Black "Newrkla, Katharina"]
[Result "0-1"]
[WhiteElo "1922"]
[BlackElo "2037"]
[PlyCount "102"]
[EventDate "2007.10.28"]
[EventType "team"]
[EventRounds "9"]
[EventCountry "GRE"]
[Source "lmi"]
[SourceDate "2007.10.28"]
[WhiteTeam "GRE2"]
[BlackTeam "Austria"]
[BlackTeamCountry "AUT"]

1. e4 c5 2. Nf3 d6 3. d4 cxd4 4. Nxd4 Nf6 5. Nc3 g6 6. Be3 Bg7 7. f3 O-O 8. Qd2
Nc6 9. Bc4 Nd7 10. h4 Nb6 11. Be2 d5 12. Nxc6 bxc6 13. O-O-O Be6 14. Bd4 dxe4
15. Nxe4 Qxd4 16. Qxd4 Bxd4 17. Rxd4 Rfd8 18. Rhd1 Rd5 19. c4 Ra5 20. Nc3 Na4
21. Nxa4 Rxa4 22. a3 c5 23. Re4 Rb8 24. g4 h6 25. f4 Ra6 26. Rf1 Kf8 27. f5
gxf5 28. gxf5 Bd7 29. Bd3 Rd6 30. Bc2 Rdb6 31. b3 Rf6 32. Re5 Rc8 33. Rd1 Rd6
34. Rde1 e6 35. f6 Rd4 36. Rh5 Ke8 37. Rxh6 Bc6 38. Rg1 Rc7 39. Rg8+ Kd7 40.
Rg7 Kd6 41. Rhh7 Ke5 42. Rxf7 Rxf7 43. Rxf7 Rxh4 44. Rc7 Kd6 45. f7 Rf4 46.
Rxa7 e5 47. Kd2 e4 48. Ke3 Rf3+ 49. Ke2 Bd7 50. Bxe4 Rxf7 51. b4 Bg4+ 0-1

[Event "European Team-ch 2007 Femenino"]
[Site "Creta GRE"]
[Date "2007.11.04"]
[Round "7.1"]
[White "Kosintseva, Nadezhda"]
[Black "Khurtsidze, Nino"]
[Result "1/2-1/2"]
[WhiteElo "2469"]
[BlackElo "2450"]
[PlyCount "79"]
[EventDate "2007.10.28"]
[EventType "team"]
[EventRounds "9"]
[EventCountry "GRE"]
[Source "lmi"]
[SourceDate "2007.10.28"]
[WhiteTeam "Russia"]
[BlackTeam "Georgia"]
[WhiteTeamCountry "RUS"]
[BlackTeamCountry "GEO"]

1. e4 c5 2. Nf3 d6 3. d4 cxd4 4. Nxd4 Nf6 5. Nc3 Nc6 6. Bg5 Bd7 7. Be2 h6 8.
Bxf6 gxf6 9. O-O Nxd4 10. Qxd4 Rg8 11. Nd5 Bg7 12. Qd2 f5 13. exf5 Bxf5 14.
Rae1 e6 15. Ne3 Be4 16. Qb4 Bc6 17. Bb5 Bxb5 18. Qxb5+ Qd7 19. Qd3 O-O-O 20. c4
h5 21. b4 Bh6 22. a4 h4 23. h3 Bxe3 24. Qxe3 Kb8 25. b5 Rg6 26. Kh1 Rdg8 27.
Rg1 f5 28. Qd4 Qc7 29. a5 e5 30. Qd5 Qxa5 31. c5 dxc5 32. Qxe5+ Qc7 33. Qxf5
Qd6 34. Qe4 Qf6 35. Re2 Qg5 36. Ra2 Rb6 37. Qc4 Rbg6 38. Qe4 Rb6 39. Qc4 Rbg6
40. Qe4 1/2-1/2

[Event "European Team-ch 2007 Femenino"]
[Site "Creta GRE"]
[Date "2007.11.04"]
[Round "7.1"]
[White "Lomineishvili, Maia"]
[Black "Korbut, Ekaterina"]
[Result "0-1"]
[WhiteElo "2409"]
[BlackElo "2443"]
[PlyCount "76"]
[EventDate "2007.10.28"]
[EventType "team"]
[EventRounds "9"]
[EventCountry "GRE"]
[Source "lmi"]
[SourceDate "2007.10.28"]
[WhiteTeam "Georgia"]
[BlackTeam "Russia"]
[WhiteTeamCountry "GEO"]
[BlackTeamCountry "RUS"]

1. d4 d5 2. c4 dxc4 3. Nf3 Nf6 4. e3 a6 5. Bxc4 e6 6. O-O c5 7. Bb3 b5 8. a4 b4
9. e4 cxd4 10. e5 Ne4 11. Nxd4 Bb7 12. Be3 Nc5 13. Nd2 Nxb3 14. N4xb3 Qd5 15.
Qf3 Nd7 16. Qxd5 Bxd5 17. f4 Be7 18. Rac1 g5 19. Nc4 gxf4 20. Bxf4 Rg8 21. Rf2
Rd8 22. a5 Rg6 23. h3 Kf8 24. Kh2 Bg5 25. Bxg5 Rxg5 26. Nd4 Rc8 27. Rfc2 Rxc4
28. Rxc4 Rxg2+ 29. Kh1 Rd2+ 30. Kg1 Bxc4 31. Rxc4 Nxe5 32. Rc8+ Kg7 33. Nb3
Rxb2 34. Nc5 Ra2 35. Rb8 Rxa5 36. Nb3 Ra2 37. Rxb4 Rb2 38. Kf1 Nf3 0-1

[Event "European Team-ch 2007 Femenino"]
[Site "Creta GRE"]
[Date "2007.11.04"]
[Round "7.2"]
[White "Rajlich, Iweta"]
[Black "Zhukova, Natalia"]
[Result "1-0"]
[WhiteElo "2411"]
[BlackElo "2452"]
[PlyCount "83"]
[EventDate "2007.10.28"]
[EventType "team"]
[EventRounds "9"]
[EventCountry "GRE"]
[Source "lmi"]
[SourceDate "2007.10.28"]
[WhiteTeam "Poland"]
[BlackTeam "Ukraine"]
[WhiteTeamCountry "POL"]
[BlackTeamCountry "UKR"]

1. d4 d5 2. c4 c6 3. Nc3 Nf6 4. e3 a6 5. Nf3 g6 6. Be2 Bg7 7. O-O O-O 8. a4 a5
9. cxd5 cxd5 10. b3 Nc6 11. Ba3 Bf5 12. Rc1 Ne4 13. Nxe4 Bxe4 14. Bd3 Bxf3 15.
Qxf3 Nb4 16. Bxb4 axb4 17. Rc5 e6 18. Rfc1 b6 19. Rc7 e5 20. dxe5 Bxe5 21. Rb7
Rb8 22. Ra7 d4 23. Bc4 Qf6 24. Qxf6 Bxf6 25. e4 Rbe8 26. Bd3 Rc8 27. Rac7 Rxc7
28. Rxc7 Be5 29. Rc6 Rb8 30. Kf1 Kf8 31. g3 g5 32. h4 gxh4 33. f4 Bg7 34. gxh4
Rb7 35. h5 h6 36. Ke2 Ke7 37. Kf3 Kd8 38. e5 Rc7 39. Rd6+ Ke7 40. Rxb6 f6 41.
exf6+ Bxf6 42. Rxb4 1-0

[Event "European Team-ch 2007 Femenino"]
[Site "Creta GRE"]
[Date "2007.11.04"]
[Round "7.2"]
[White "Ushenina, Anna"]
[Black "Zawadzka, Jolanta"]
[Result "1/2-1/2"]
[WhiteElo "2486"]
[BlackElo "2371"]
[PlyCount "62"]
[EventDate "2007.10.28"]
[EventType "team"]
[EventRounds "9"]
[EventCountry "GRE"]
[Source "lmi"]
[SourceDate "2007.10.28"]
[WhiteTeam "Ukraine"]
[BlackTeam "Poland"]
[WhiteTeamCountry "UKR"]
[BlackTeamCountry "POL"]

1. d4 Nf6 2. c4 g6 3. Nc3 Bg7 4. e4 d6 5. f3 O-O 6. Be3 a6 7. Bd3 Nbd7 8. Nge2
c5 9. O-O cxd4 10. Nxd4 Ne5 11. Be2 Bd7 12. Rc1 Qa5 13. Nb3 Qd8 14. c5 dxc5 15.
Nxc5 Bc6 16. Qb3 Qb8 17. Nd5 Bxd5 18. exd5 Rd8 19. Rfd1 b5 20. Rd2 Ned7 21.
Rcd1 Nxc5 22. Bxc5 Qe5 23. Bb6 Rd7 24. g3 Rc8 25. Bf1 Qf5 26. Bf2 h5 27. Bg2
Rcd8 28. Bb6 Rc8 29. Be3 Rcd8 30. Bb6 Rc8 31. Be3 Rcd8 1/2-1/2

[Event "European Team-ch 2007 Femenino"]
[Site "Creta GRE"]
[Date "2007.11.04"]
[Round "7.2"]
[White "Dworakowska, Joanna"]
[Black "Gaponenko, Inna"]
[Result "1-0"]
[WhiteElo "2316"]
[BlackElo "2440"]
[PlyCount "111"]
[EventDate "2007.10.28"]
[EventType "team"]
[EventRounds "9"]
[EventCountry "GRE"]
[Source "lmi"]
[SourceDate "2007.10.28"]
[WhiteTeam "Poland"]
[BlackTeam "Ukraine"]
[WhiteTeamCountry "POL"]
[BlackTeamCountry "UKR"]

1. d4 Nf6 2. c4 e6 3. Nf3 c5 4. d5 b5 5. Bg5 exd5 6. cxd5 d6 7. e4 a6 8. a4 Be7
9. Bxf6 Bxf6 10. axb5 Bxb2 11. Ra2 Bf6 12. Bd3 O-O 13. Nbd2 Bb7 14. O-O axb5
15. Rxa8 Bxa8 16. Bxb5 Bb7 17. Qa4 Qe7 18. Qa7 Ba6 19. Qxe7 Bxe7 20. Bxa6 Nxa6
21. Ra1 Nb4 22. Ra7 Bf6 23. Nc4 Rd8 24. Kf1 Kf8 25. Ke2 Ke8 26. g4 Be7 27. Ne1
Rd7 28. Ra3 h6 29. f4 Rd8 30. Ne3 Rb8 31. Nf3 g6 32. Nd2 Rb6 33. Ra8+ Kd7 34.
Rh8 Na2 35. Rxh6 Nc1+ 36. Kf3 Bf6 37. Rh7 Ke7 38. Ndc4 Rb8 39. e5 dxe5 40. g5
Bh8 41. fxe5 Nd3 42. e6 Rf8 43. Ng4 Nb4 44. Nge5 Bxe5 45. Nxe5 Kd6 46. Rxf7 Ra8
47. Nxg6 Nxd5 48. e7 Ra3+ 49. Kg4 Re3 50. Rf6+ Kd7 51. Rf8 Nxe7 52. Rf7 c4 53.
Kf4 Re1 54. Rxe7+ Rxe7 55. Nxe7 c3 56. Ke4 1-0